Development of Software to Automate Analyze FDCVR Data of F-7 (Record no. 327357)
[ view plain ]
| 000 -LEADER | |
|---|---|
| fixed length control field | 00388 a2200133 4500 |
| 001 - CONTROL NUMBER | |
| control field | 92284 |
| 082 ## - DEWEY DECIMAL CLASSIFICATION NUMBER | |
| Classification number | PR 2535 |
| 090 ## - LOCALLY ASSIGNED LC-TYPE CALL NUMBER (OCLC); LOCAL CALL NUMBER (RLIN) | |
| -- | 44237 |
| -- | 44238 |
| 100 ## - MAIN ENTRY--PERSONAL NAME | |
| Personal name | Sarmad Ali; Prof Manzar Abbas and Rameez Wajid (Advisors) |
| 245 ## - TITLE STATEMENT | |
| Title | Development of Software to Automate Analyze FDCVR Data of F-7 |
| Statement of responsibility, etc. | 78 "B" EC |
| 260 ## - PUBLICATION, DISTRIBUTION, ETC. | |
| Place of publication, distribution, etc. | Islamabad |
| Name of publisher, distributor, etc. | NUST |
| Date of publication, distribution, etc. | 2015 |
| 300 ## - PHYSICAL DESCRIPTION | |
| Extent | 70p. |
| 500 ## - GENERAL NOTE | |
| General note | BE Project Reports |
| 942 ## - ADDED ENTRY ELEMENTS (KOHA) | |
| Institution code [OBSOLETE] | CAE NUST |
| Call number prefix | PR 2535 |
| Withdrawn status | Lost status | Damaged status | Not for loan | Collection code | Permanent Location | Current Location | Date acquired | Total Checkouts | Full call number | Barcode | Date last seen | Price effective from | Koha item type |
|---|---|---|---|---|---|---|---|---|---|---|---|---|---|
| College of Aeronautical Engineering (CAE) | College of Aeronautical Engineering (CAE) | 04/03/2017 | PR 2535 | CAEPR-2535 | 04/05/2017 | 04/05/2017 | Book |
